000
00496nam a2200181Ia 4500
008
100917s9999 xx 000 0 und d
082
_b
54399
100
_a
ैहसमनीस द. का.
245
_a
नामदार
260
_b
गुलमोहर पब्लिकेशन
_c
1982
300
_a
151
365
_b
20
520
_a
कादंबरी
630
_a
नामदार
650
_a
कादंबरी
730
_a
नामदार
942
_c
BOOK
999
_c
659793
_d
659790